The Most Strongest Muslim Army - Statistics

General Stats
  • This quiz has been taken 213 times
  • The average score is 7 of 9
Answer Stats
Total Amount Answer % Correct
947,500 Egypt
93%
258,500 Saudi Arabia
91%
1,132,500 Pakistan
88%
1,041,900 Turkey
86%
838,410 Indonesia
82%
725,000 Algeria
79%
754,500 Syria
72%
764,199 Malaysia
58%
314,000 Libya
54%
No matching quizzes found
Score Distribution
Percent of People with Each Score
Percentile by Number Answered
Your Score History
You have not taken this quiz